| 000 | 01439nam a2200361 i 4500 | ||
|---|---|---|---|
| 001 | 70071 | ||
| 003 | Mx-PuUPA | ||
| 005 | 20241211103538.0 | ||
| 008 | 230608s2017 mx a gr 000 0 spa d | ||
| 020 | _a9786070292255 | ||
| 040 |
_aMx-PuUPA _bspa _cMx-PuUPA _dMx-PuUPA _erda |
||
| 041 | 0 | _aspa | |
| 245 | 0 | 3 |
_aDe Teotihuacán a los Aztecas : _bantología de fuentes e interpretaciones históricas / _cintroducción, selección, notas y apéndice, Miguel León Portilla |
| 250 |
_aTercera edición / _bcorregida, marzo |
||
| 264 | 1 |
_aCiudad de México : _bUniversidad Nacional Autónoma de México, _c2017 |
|
| 300 |
_a712 páginas : _bilustraciones, tablas ; _c21 cm |
||
| 336 |
_2rdacontent _atexto _btxt |
||
| 337 |
_2rdamedia _asin medio _bn |
||
| 338 |
_2rdacarrier _avolumen _bnc |
||
| 490 | 0 |
_aLecturas universitarias ; _v11 |
|
| 545 | 1 | _aReimpresiones: (Primera, agosto, 2019). | |
| 650 | 7 |
_2armarc _aSitio arqueológico de Teotihuacán (Estado de México) |
|
| 650 | 7 |
_2armarc _aAztecas _xHistoria |
|
| 650 | 7 |
_2armarc _aAztecas _xVida social y costumbres |
|
| 650 | 7 |
_2armarc _aToltecas _xHistoria |
|
| 651 | 4 |
_aMéxico _xHistoria _yHasta 1519 |
|
| 700 | 1 |
_aLeón Portilla, Miguel, _d1926-2019 _eeditor _98920 |
|
| 942 |
_2ddc _cLI _h972.01 _iT314 |
||
| 999 |
_c70071 _d70071 |
||